00684nam a2200241 a 4500001001300000003000900013005001700022008004100039020001000080082001500090100001900105245003000124260003600154300000900190500003500199505001200234650002400246700001900270902000800289942000700297952012300304999001500427nice12345678IN_TiNIC20260116011611.0050524s1966 deoa grp 000 0 urd  ac6.500a297.8bGEE aGeelani, Asa`d aMaulana Maududi Se Miliye aDeobandbMaktaba Taiyyabac1966 a496p aincludes index and biblioraphy2 aIndexes aMawdoodi, Abul Aala1 aGeelani, Asa`d bSRS cBK 001040708StackRoom-aHMIbHMId2007-07-13g6.50l1o297.8 GEEp02907r2025-10-07s2025-09-18v6.50w2005-05-24yBK c2822d2822